000 00767nam a2200265Ia 4500
001 Z_691
003 CHAP
008 220113s1984 xx 000 0 und d
010 _a163784
040 _cCHAP
090 _aTesis V 269
100 _aVázquez Hernández, Pedro
_9120395
245 _aUtilización de dilutores en la conservación de semen de ovino /
_cpor Pedro Vázquez Hernández
260 _aChapingo, Méx. :
_bEl autor,
_c1984
300 _a56 h.; gráfs.
502 _aTesis (Ing. Agrónomo Esp. en Zootecnia) -- UACH. Departamento de Zootecnia
650 _aSemen
_xGanado lanar
_9103863
650 _aSemen
_xPreservación
_9103866
901 _aTESIS V 269
902 _aM
910 _a1984
942 _c2
942 _c2
999 _c163784
_d163784